[Event "Leeuwarden op"]
[Site "Leeuwarden NED"]
[Date "1995.08.04"]
[EventDate "?"]
[Round "3"]
[Result "0-1"]
[White "De Boer, Sybolt"]
[Black "Li Riemersma"]
[WhiteElo "2260"]
[BlackElo "2415"]
[PlyCount "56"]

1. e4 c5 2. d3 Nc6 3. g3 g6 4. Bg2 Bg7 5. f4 d6 6. Nf3 e5 7. O-O Nge7 8. f5  gxf5 9. Nh4 f4 10. Qh5 Bf6 11. Nf5 Bxf5 12. exf5 fxg3 13. hxg3 Qd7 14. Nc3  O-O-O 15. Qxf7 Rdf8 16. Qe6 Nd4 17. Qxd7+ Kxd7 18. Bh6 Rf7 19. Ne4 Rg8 20. Rf2  d5 21. Nc3 Rxg3 22. Kh2 Rg4 23. Bh3 Rh4 24. Be3 e4 25. Rh1 Rg7 26. Bf4 Nf3+ 27.  Rxf3 exf3 28. Bg3 Be5 0-1